LEADER 01991nam1 22003373i 450 001 VAN00112627 005 20241114013659.993 100 $a20171129d1744 |0itac50 ba 101 $aita 102 $aIT 140 $a||||||||| ||||||||| 181 $ai$b e 182 $an 200 1 $aˆL'‰Ercolano dialogo di m. Benedetto Varchi nel quale si ragiona delle lingue, ed in particolare della toscana e della fiorentina. Colla correzione ad esso fatta da messer Lodovico Castelvetro; e colla Varchina di messer Girolamo Muzio. [Tomo 1.-2.] 205 $aImpressione accuratissima$bcome si può vedere nella seguente prefazione 210 $aIn Padova$cappresso Giuseppe Comino$d1744$eIn Padova$cappresso Giuseppe Comino$d1744) 215 $a2 volumi$d8° 300 $aRiferimenti: Bodleian library. - Nome del curatore Antonio Federico Seghezzi nella prefazione, a carta *2r. - Iniziali e fregi xilografici 463 \1$1001VAN00112628$12001 $a[1] 463 \1$1001VAN00112630$12001 $a<<2: >>Correzione d'alcune cose nel dialogo delle lingue di Benedetto Varchi per Lodovico Castelvetro. La Varchina di Girolamo Muzio giustinopolitano. Ora per la prima volta da infiniti errori di stampa spurgate, e ridotte a buona lezione 620 $dPadova$3VANL000007 700 1$aVarchi$bBenedetto$f1503-1565$3VANV049088$0168574 702 1$aSeghezzi$bAnton Federico$f1706-1743?$3VANV086843 712 02$aComino, Giuseppe$3VANV086844 790 1$aCominus, Josephus$zComino, Giuseppe$3VANV086846 791 02$aTipografia Volpi-Cominiana$zComino, Giuseppe$3VANV086845 791 02$aTypis Cominianis$zComino, Giuseppe$3VANV086847 801 $aIT$bSOL$c20241115$gRICA 912 $aVAN00112627 996 $aErcolano dialogo di m. Benedetto Varchi nel quale si ragiona delle lingue, ed in particolare della toscana e della fiorentina. Colla correzione ad esso fatta da messer Lodovico Castelvetro; e colla Varchina di messer Girolamo Muzio.$91520281 997 $aUNICAMPANIA